书目信息 |
| 题名: |
容斋随笔全书类编译注
|
|
| 作者: | 洪迈 原著 ;许逸民 主编 | |
| 分册: | 下 | |
| 出版信息: | 长春 时代文艺出版社 1993.12 |
|
| 页数: | 842页 | |
| 开本: | 20cm | |
| 丛书名: | ||
| 单 册: | ||
| 中图分类: | Z429.44 , I211 | |
| 科图分类: | ||
| 主题词: | 随笔--中国--南宋--选集 , 随笔 , 文学--作品集--中国 | |
| 电子资源: | ||
| ISBN: | 7-5387-0755-7 | |
| 000 | 00857nam0 2200289 450 | |
| 001 | 1573388760 | |
| 005 | 20150128202401.60 | |
| 010 | @a7-5387-0755-7@dCNY29.00 | |
| 100 | @a19940515d1993 em y0chiy0110 ea | |
| 101 | 0 | @achi |
| 102 | @aCN@b220000 | |
| 105 | @ay z 000zy | |
| 200 | 1 | @a容斋随笔全书类编译注@9rong zhai sui bi quan shu lei bian yi zhu@h下@f(宋)洪 迈原著@g许逸民主编 |
| 210 | @a长春@c时代文艺出版社@d1993.12 | |
| 215 | @a842页@d20cm | |
| 304 | @a洪 迈(1123~1202),字景卢,号容斋 | |
| 605 | @a容斋随笔@x注释 | |
| 605 | @2CT@3S905930@a容斋随笔 | |
| 606 | 0 | @a随笔@y中国@z南宋@x选集 |
| 606 | 0 | @a随笔 |
| 606 | 0 | @a文学@x作品集@x中国 |
| 690 | @aZ429.44@v三版 | |
| 690 | @aI211@v4 | |
| 701 | 0 | @a洪迈@9hong mai@4原著 |
| 702 | 0 | @a许逸民@9xu yi min@f(1941~)@4主编 |
| 801 | 0 | @aCN@bTSSF@c20150128 |
| 905 | @aZUCC@dI211@eJY163:2 | |
| 容斋随笔全书类编译注.下/(宋)洪 迈原著/许逸民主编.-长春:时代文艺出版社,1993.12 |
| 842页;20cm |
| ISBN 7-5387-0755-7:CNY29.00 |
| ● |
| 相关链接 |
|
|
|
|
正题名:容斋随笔全书类编译注
索取号:I211/JY163:2
 
预约/预借
| 序号 | 登录号 | 条形码 | 馆藏地/架位号 | 状态 | 备注 |
| 1 | 7837621 | 278376213 | 学院路分馆/ [索取号:I211/JY163:2] | 在馆 |